| 000 | 00631nam a2200205Ia 4500 | ||
|---|---|---|---|
| 003 | IN-BaIIA | ||
| 005 | 20230707105413.0 | ||
| 008 | 211028s9999 xx 000 0 eng d | ||
| 020 | _a0-08-022965-4 | ||
| 040 | _cIIA LIB | ||
| 080 |
_a523.34(061.3) _bLUN |
||
| 110 |
_aLunar and Planetary Institute _910749 |
||
| 245 | 0 |
_aMare crisium: _bthe view from Luna 24 _c/ Lunar and Planetary Institute |
|
| 260 |
_aNew York _bPergamon Press _c1978 |
||
| 300 | _a[various pagings.] | ||
| 650 | _aAstronomy and Astrophysics Thesaurus | ||
| 650 |
_aMare crisium _910750 |
||
| 650 | _aMoon | ||
| 942 |
_cBK _2ddc |
||
| 999 |
_c6256 _d6256 |
||